00673nam a2200241 a 4500001001300000003000900013005001700022008004100039020001100080082001600091100002400107245001700131260003500148300000900183500003500192505001700227650002300244700002400267902000800291942000700299952011200306999001300418nice12345678IN_TiNIC20260116011355.0050524s1964 newa grp 000 0 urd  ac4.2500a181.07bAKB aAkbarabadi, Maikash aNaqd-E-Iqbal aNew DelhibMaktaba Jamiac1964 a280p aincludes index and biblioraphy2 aBibliography aPhilosophy-Islamic1 aAkbarabadi, Maikash bSRS cBK 001040708StackRoom-aHMIbHMId2007-07-31g4.25l0o181.07 AKBp03564r2007-07-31v4.25w2005-05-24yBK c966d966